00455nam a2200121Ia 4500008004100000020001800041100002800059245010900087260002300196440003700219650003600256856004100292171212s9999 xx 000 0 und d a9781783086238 aElizabeth L. Throesch,  cElizabeth L. Throesch, aBefore EinsteinbThe Fourth Dimension in Fin-de-Siècle Literature and Culture bAnthem Pressc2017 aAnthem Nineteenth-Century Series aHistory of Science & Technology uhttp://jstor.org/stable/j.ctt1jktqh1